000 00614nam a2200241Ia 4500
003 OSt
005 20220918193300.0
006 a|||||r|||| 00| 0
007 ta
008 220917b |||||||| |||| 00| 0 eng d
024 _a72,456
037 _cTextual
040 _aARTS
_cARTS
_beng
041 _2eng
_aeng
082 _aR44L, M8
100 _aBrody Baruch A
245 0 _aLife and death decision making
260 _aNew York
_bOUP
_c1988
300 _axii,250p.
_ccm.
650 _aBUSINESS ETHICS
_913237
942 _hR44L, M8
_cTEXL
_2CC
999 _c198444
_d198444